| 000 | 00994cam a2200205 4500 | ||
|---|---|---|---|
| 001 | WB3543-17 | ||
| 008 | 000000n1999 000 0 eng u | ||
| 035 | _a(Sirsi) u101410 | ||
| 245 | _aProperty securitisation | ||
| 260 | _c1999 | ||
| 490 |
_aEstates Gazette _v(9943) 30 October 1999, 51(1) |
||
| 520 | _aProperty securitisation may be set to take off in Europe. Financiers believe property owners in all business sectors are poised to follow British Land which underpinned a £1.54bn bond issue with rents from the Broadgate complex. This raises money and gets properties off balance sheet without losing control of them. However conduit packages, which are big in the US have not taken off. Includes table of major UK real estate securitisations. | ||
| 590 | _aWB | ||
| 650 | _aPROPERTY SECURITISATION | ||
| 650 | _aSECURITISATION | ||
| 650 | _aREAL ESTATE SECURITISATION | ||
| 650 | _aMORTGAGE SECURITISATION | ||
| 690 | _aPROPERTY-PROPERTY FINANCE AND INVESTMENT | ||
| 942 | _n0 | ||
| 999 |
_c60553 _d60553 |
||